01443cam a22003977i 45000010009000000050017000090080041000260100017000670160023000840200037001070200034001440200031001780200028002090350024002370400066002610410013003270420014003400820019003542450153003732460068005263000041005944900023006355000024006585000129006825460032008116000016008436500021008596500017008806500027008976500031009247000016009557000017009717000021009887000015010098300021010241836547620220326193332.0141031s2013 gw a c 000 0 mul d a 20144739277 a10453749702GyFmDB a9783956790270 (Sternberg : pbk.) a3956790278 (Sternberg : pbk.) a9788292495193 (OCA : pbk.) a8292495193 (OCA : pbk.) a(OCoLC)ocn890589721 aOHXbengcOHXerdadOCLCOdYDXCPdILOdOCLCFdFXGdOCLCOdDLC0 afreaeng alccopycat04a708223bK881w00aWord! Word? Word! :bIssa Samb and the undecipherable form = Parole! Parole? Parole! : Issa Samb et la forme indechiffrable /c[editor, Koyo Kouoh].31aParole! Parole? Parole! :bIssa Samb et la forme indechiffrable a352 p. :bill. (some col.) ;c26 cm.1 aVerksted ;vno. 15 aExhibition catalog. aCatalog of an exhibition held at the Office for Contemporary Art Norway, spring 2013; the Raw Material Company, autumn 2013. aText in French and English.10aSamb, Issa. 0aArt, Senegalese. 0aExhibiciones 0aArte ModernoySiglo 21 0aArt, Moderny21st century. aKouoh, Koyo aNjami, Simon aMaurin, Sylvette aSamb, Issa 0aVerksted ;v#15.